Process dynamics and control / (Record no. 186001)

000 -LEADER
fixed length control field 01209 a2200253 4500
003 - CONTROL NUMBER IDENTIFIER
control field Nust
005 - DATE AND TIME OF LATEST TRANSACTION
control field 20230127115744.0
010 ## - LIBRARY OF CONGRESS CONTROL NUMBER
LC control number 89005728
020 ## - INTERNATIONAL STANDARD BOOK NUMBER
International Standard Book Number 0471863890
040 ## - CATALOGING SOURCE
Transcribing agency Nust
082 00 - DEWEY DECIMAL CLASSIFICATION NUMBER
Classification number 803.6,SEB
100 1# - MAIN ENTRY--PERSONAL NAME
Personal name Seborg, Dale E.
9 (RLIN) 86227
245 10 - TITLE STATEMENT
Title Process dynamics and control /
Statement of responsibility, etc. Dale E. Seborg, Thomas F. Edgar, Duncan A. Mellichamp.
260 ## - PUBLICATION, DISTRIBUTION, ETC.
Place of publication, distribution, etc. New York :
Name of publisher, distributor, etc. Wiley,
Date of publication, distribution, etc. c1989.
300 ## - PHYSICAL DESCRIPTION
Extent xvi, 717 p. :
Other physical details ill. ;
Dimensions 26 cm.
440 #0 - SERIES STATEMENT/ADDED ENTRY--TITLE
Title Wiley series in chemical engineering
9 (RLIN) 107869
505 ## - FORMATTED CONTENTS NOTE
Formatted contents note Part.1: Introductory Concepts (Page-3), Part.2: Transient Behavior of Processes (Page-43), Part.3: Feedback Control (Page-183), Part.4: Frequency Response Methods (Page-313), Part.5: Advanced Control Techniques (Page-387), Part.6: Digital Control Techniques (Page-501), Part.7: Process Control Strategies (Page-673).
650 #0 - SUBJECT ADDED ENTRY--TOPICAL TERM
Topical term or geographic name entry element Chemical process control
General subdivision Data processing.
9 (RLIN) 107870
700 1# - ADDED ENTRY--PERSONAL NAME
Personal name Edgar, Thomas F.
9 (RLIN) 107871
700 1# - ADDED ENTRY--PERSONAL NAME
Personal name Mellichamp, Duncan A.
9 (RLIN) 107872
856 42 - ELECTRONIC LOCATION AND ACCESS
Materials specified Publisher description
Uniform Resource Identifier <a href="http://www.loc.gov/catdir/description/wiley031/89005728.html">http://www.loc.gov/catdir/description/wiley031/89005728.html</a>
856 42 - ELECTRONIC LOCATION AND ACCESS
Materials specified Table of Contents
Uniform Resource Identifier <a href="http://www.loc.gov/catdir/toc/onix01/89005728.html">http://www.loc.gov/catdir/toc/onix01/89005728.html</a>
942 ## - ADDED ENTRY ELEMENTS (KOHA)
Source of classification or shelving scheme
Koha item type Book
Call number prefix 803.6,SEB
Holdings
Withdrawn status Lost status Source of classification or shelving scheme Damaged status Not for loan Permanent Location Current Location Shelving location Date acquired Full call number Barcode Date last seen Price effective from Koha item type Public note
          Military College of Signals (MCS) Military College of Signals (MCS) General Stacks 12/12/2016 803.6,SEB MCS21612 12/08/2016 12/12/2016 Book Almirah No. 56, Shelf No. 1
© 2023 Central Library, National University of Sciences and Technology. All Rights Reserved.